Ignorance, confidence, and filthy rich friends : the business adventures of Mark Twain, chronic speculator and entrepreneur
Đã lưu trong:
| Hovedforfatter: | |
|---|---|
| Format: | Sách |
| Sprog: | Undetermined |
| Udgivet: |
John Wiley & Sons
2007
|
| Fag: | |
| Tags: |
Tilføj Tag
Ingen Tags, Vær først til at tagge denne postø!
|
| Thư viện lưu trữ: | Trung tâm Thư viện - Trường Đại học Công nghiệp TP. Hồ Chí Minh |
|---|
| LEADER | 00581nam a2200157Ia 4500 | ||
|---|---|---|---|
| 001 | UIH_04285 | ||
| 008 | 231011s9999 xx 000 0 und d | ||
| 082 | |a 818 | ||
| 100 | |a Krass, Peter | ||
| 245 | 0 | |a Ignorance, confidence, and filthy rich friends : the business adventures of Mark Twain, chronic speculator and entrepreneur | |
| 245 | 0 | |c Krass, Peter | |
| 260 | |b John Wiley & Sons | ||
| 260 | |c 2007 | ||
| 650 | |a Hoa Kỳ; Kiến thức; Hoa Kỳ; | ||
| 927 | |a Sách | ||
| 980 | |a Trung tâm Thư viện - Trường Đại học Công nghiệp TP. Hồ Chí Minh | ||